Jiřina Prekopová, Jaroslav Šturma - výchova láskou : rozhovor / Pavla Koucká
Lidem chybí láska a přebývá pýcha. Spousta dětí žije v dětských domovech a postrádá náruč rodičů. Obnovu lásky a pomoc pro vytváření zdravých vztahů mezi rodiči a dětmi proto považuje J. Prekopová a J. Šturma, dvojice dětských psychologů, za své životní poslání. V knize Pavly Koucké, napsané formou rozhovorů, líčí oba své životní zkušenosti a názory - a to jak profesní, tak i z oblasti soukromého života. Jiřina Prekopová vede u nás i v zahraničí semináře zaměřené na psychologii a výchovu dětí. Stala se propagátorkou terapie pevným objetím, uplatňovanou mimojiné u autistických dětí. Psycholog J. Šturma se věnuje zejména dětem se zdravotním postižením a podílí se rovněž na umísťování dětí do náhradních rodin.
Kniha rozhovorů s dětskými psychology Jiřinou Prekopovou a Jaroslavem Šturmou mapuje jejich životní cestu, která je zasvěcená výchově láskou - obnově lásky v rodinách a péči o děti.
Record details
- ISBN: 978-80-262-0077-2 (váz.)
- Physical Description: 179 s., [16] s. obr. příl. : il. (převážně barev.), portréty ; 21 cm
- Edition: Vyd. 1.
- Publisher: Praha : Portál, 2012
Search for related items by subject
| Genre: | rozhovory autobiografické vzpomínky interviews autobiographical reminiscences |
Available copies
- 1 of 1 copy available at Common Catalog SPOK.
Holds
- 0 current holds with 1 total copy.
Show Only Available Copies
| Location | Call Number / Copy Notes | Barcode | Shelving Location | Status | Due Date |
|---|---|---|---|---|---|
| Jabok Library | VO-1.2.2/P | 424480033188 | Odborná literatura | Available | - |
Electronic resources
Version of Resource: Obsah
| LDR | 06093nam a2201393 a 4500 | ||
|---|---|---|---|
| 001 | 18031 | ||
| 003 | CZ-PrJAB | ||
| 005 | 20150527112443.0 | ||
| 007 | ta | ||
| 008 | 120316s2012 xr acf e 000 0ccze | ||
| 015 | . | ‡acnb002258037 | |
| 020 | . | ‡a978-80-262-0077-2 (váz.) | |
| 035 | . | ‡a(CZ PrSKC)nkc20112258037 | |
| 035 | . | ‡a(OCoLC)796016317 | |
| 040 | . | ‡aABA001 ‡bcze ‡dOLA001 | |
| 043 | . | ‡ae-xr--- ‡ae-gx--- | |
| 045 | . | ‡ax2y1 | |
| 072 | 7. | ‡a159.92 ‡xVývojová psychologie. Individuální psychologie ‡2Konspekt ‡917 | |
| 072 | 7. | ‡a929 ‡xBiografie ‡2Konspekt ‡98 | |
| 080 | . | ‡a929 ‡2MRF | |
| 080 | . | ‡a159.9-055.2 ‡2MRF | |
| 080 | . | ‡a159.9-055.1 ‡2MRF | |
| 080 | . | ‡a159.922.7 ‡2MRF | |
| 080 | . | ‡a173.5/.7 ‡2MRF | |
| 080 | . | ‡a37.03-053.2 ‡2MRF | |
| 080 | . | ‡a(437.3) ‡2MRF | |
| 080 | . | ‡a(430) ‡2MRF | |
| 080 | . | ‡a(047.53) ‡2MRF | |
| 080 | . | ‡a(0:82-94) ‡2MRF | |
| 100 | 1 | . | ‡aPrekop, Jirina, ‡d1929- ‡7jn20020320001 ‡4ive |
| 245 | 1 | 0. | ‡aJiřina Prekopová, Jaroslav Šturma - výchova láskou : ‡brozhovor / ‡cPavla Koucká |
| 246 | 3 | 0. | ‡aVýchova láskou |
| 250 | . | ‡aVyd. 1. | |
| 260 | . | ‡aPraha : ‡bPortál, ‡c2012 | |
| 300 | . | ‡a179 s., [16] s. obr. příl. : ‡bil. (převážně barev.), portréty ; ‡c21 cm | |
| 520 | 9 | . | ‡aLidem chybí láska a přebývá pýcha. Spousta dětí žije v dětských domovech a postrádá náruč rodičů. Obnovu lásky a pomoc pro vytváření zdravých vztahů mezi rodiči a dětmi proto považuje J. Prekopová a J. Šturma, dvojice dětských psychologů, za své životní poslání. V knize Pavly Koucké, napsané formou rozhovorů, líčí oba své životní zkušenosti a názory - a to jak profesní, tak i z oblasti soukromého života. Jiřina Prekopová vede u nás i v zahraničí semináře zaměřené na psychologii a výchovu dětí. Stala se propagátorkou terapie pevným objetím, uplatňovanou mimojiné u autistických dětí. Psycholog J. Šturma se věnuje zejména dětem se zdravotním postižením a podílí se rovněž na umísťování dětí do náhradních rodin. |
| 520 | 9 | . | ‡aKniha rozhovorů s dětskými psychology Jiřinou Prekopovou a Jaroslavem Šturmou mapuje jejich životní cestu, která je zasvěcená výchově láskou - obnově lásky v rodinách a péči o děti. |
| 600 | 1 | 7. | ‡aPrekop, Jirina, ‡d1929- ‡7jn20020320001 ‡2czenas |
| 600 | 1 | 7. | ‡aŠturma, Jaroslav, ‡d1944- ‡7jk01131574 ‡2czenas |
| 648 | 7. | ‡a20.-21. stol. ‡7ch462155 ‡2czenas | |
| 650 | 0 | 7. | ‡apsycholožky ‡7ph274384 ‡zNěmecko ‡y20.-21. stol. ‡2czenas |
| 650 | 0 | 7. | ‡apsycholožky ‡7ph274384 ‡zČesko ‡y20.-21. stol. ‡2czenas |
| 650 | 0 | 7. | ‡apsychologové ‡7ph124816 ‡zČesko ‡y20.-21. stol. ‡2czenas |
| 650 | 0 | 7. | ‡apsychologie dítěte ‡7ph117256 ‡2czenas |
| 650 | 0 | 7. | ‡arodiče a děti ‡7ph116053 ‡2czenas |
| 650 | 0 | 7. | ‡avýchova dítěte ‡7ph127420 ‡2czenas |
| 650 | 0 | 9. | ‡awomen psychologists ‡zGermany ‡y20th-21st centuries ‡2eczenas |
| 650 | 0 | 9. | ‡awomen psychologists ‡zCzechia ‡y20th-21st centuries ‡2eczenas |
| 650 | 0 | 9. | ‡apsychologists ‡zCzechia ‡y20th-21st centuries ‡2eczenas |
| 650 | 0 | 9. | ‡achild psychology ‡2eczenas |
| 650 | 0 | 9. | ‡aparents and children ‡2eczenas |
| 650 | 0 | 9. | ‡achild rearing ‡2eczenas |
| 655 | 7. | ‡arozhovory ‡7fd133303 ‡2czenas | |
| 655 | 7. | ‡aautobiografické vzpomínky ‡7fd131854 ‡2czenas | |
| 655 | 9. | ‡ainterviews ‡2eczenas | |
| 655 | 9. | ‡aautobiographical reminiscences ‡2eczenas | |
| 700 | 1 | . | ‡aŠturma, Jaroslav, ‡d1944- ‡7jk01131574 ‡4ive |
| 700 | 1 | . | ‡aKoucká, Pavla, ‡d1975- ‡7js20050905003 ‡4ivr |
| 856 | 4 | 1. | ‡uhttp://www.obalkyknih.cz/file/toc/63546/pdf ‡yObsah |
| 910 | . | ‡aABG312 | |
| 901 | . | ‡a18031 ‡b ‡c18031 ‡tbiblio | |